000 00296nam a2200145Ia 4500
100 _aStoner/J.A.F
942 _cBK
654 _amanagement
245 _aManagement
260 _bprentice hall
_aNew Delhi
_c1987
082 _a658.001
_bSTO
300 _a714
546 _aENGLISH
999 _c21727
_d21727